[Event "EU-ch Schools U15"]
[Site "Tornelo INT"]
[Date "2021.12.04"]
[Round "4"]
[White "Ughuzov, Ravan"]
[Black "Rakovsky, Jakub"]
[Result "1-0"]
[WhiteElo "1644"]
[BlackElo "1878"]
[PlyCount "89"]
[EventDate "2021.12.03"]
[EventType "swiss (rapid)"]
[EventRounds "7"]
[EventCountry "NET"]
[SourceTitle "EXT 2023"]
[Source "ChessBase"]
[SourceDate "2022.10.05"]
[SourceVersion "1"]
[SourceVersionDate "2022.10.05"]
[SourceQuality "1"]

1. e4 e5 2. Nf3 Nc6 3. Nc3 Nf6 4. Be2 Bb4 5. Nd5 Bc5 6. c3 Nxe4 7. d4 exd4 8. cxd4 Be7 9. 0-0 0-0 10. Re1 Nf6 11. Nxe7+ Nxe7 12. Bg5 Ng6 13. h4 h6 14. h5 hxg5 15. hxg6 fxg6 16. Nxg5 d5 17. Bd3 Ng4 18. Nf3 Qd6 19. Rc1 c6 20. Rc2 Bd7 21. Ne5 Nxe5 22. dxe5 Qe6 23. Rce2 Rf4 24. Qc2 Rg4 25. Re3 Rf8 26. a3 Rff4 27. b4 Rg5 28. Rg3 Rxe5 29. Rxe5 Qxe5 30. Re3 Qa1+ 31. Bf1 Qf6 32. b5 Bf5 33. Qd2 Rd4 34. Qc1 Re4 35. Rf3 Qd4 36. bxc6 bxc6 37. Qxc6 Qd1 38. Rd3 Qa1 39. Qxd5+ Kh7 40. Rd1 Qxa3 41. Bc4 Qa4 42. Qg8+ Kh6 43. Qh8+ Kg5 44. Qd8+ Kh6 45. Bf1 1-0